Normal view
MARC view
- Magnetohydrodynamics
Entry Topical Term
001 - CONTROL NUMBER
- control field: 25757
003 - CONTROL NUMBER IDENTIFIER
- control field: IN-BhIIT
005 - DATE AND TIME OF LATEST TRANSACTION
- control field: 20250311172931.0
008 - FIXED-LENGTH DATA ELEMENTS
- fixed length control field: 250311|| aca||aabn | a|a d
040 ## - CATALOGING SOURCE
- Original cataloging agency: IN-BhIIT
- Transcribing agency: IN-BhIIT
150 ## - HEADING--TOPICAL TERM
- Topical term or geographic name entry element: Magnetohydrodynamics
670 ## - SOURCE DATA FOUND
- Source citation: Work cat.: (IN-BhIIT)14801: Sturrock, Peter A. Author 25756, Plasma physics :, 1994.